000 00485pab a2200169 454500
008 180718b2007 xxu||||| |||| 00| 0 eng d
100 _aChatterjee, Biswajit
245 _aImpact of environmental standards on world capital market: a two-period global equilibrium framework
260 _c2007
300 _ap.172-81.
362 _aJan-Mar
650 _aFinancial markets
700 _aSinha Ray, Rupamanjari
773 _aIndian Economic Journal
908 _aN
909 _a78919
999 _c78919
_d78919